00911cam a2200253 a 45000010008000000030004000080050017000120080041000290100017000700200025000870200037001120400030001490500034001790820020002131000021002332450035002542600041002893000021003306500013003516550025003648560075003898560089004648560104005532878424LC 20160314155014.0860519s1987 nyu 000 1 eng  a 86013397  a0385295278 :c$18.95 a0385295421 (Large print edition) aDLCcDLCdDLCdOCoLCdDLC00aPS 3569 .T33828b.St813f 200000aFIC bSt3f 20001 aSteel, Danielle.10aFine things /cDanielle Steel. aNew York :bDelacorte Press,cc2000. a415 p. :c17 cm. aFiction. 7aLove stories.2gsafd413Sample textuhttp://www.loc.gov/catdir/samples/random041/86013397.html423Publisher descriptionuhttp://www.loc.gov/catdir/description/random041/86013397.html423Contributor biographical informationuhttp://www.loc.gov/catdir/enhancements/fy0709/86013397-b.html